000 00686nam a22002057a 4500
999 _c1755
_d1755
003 AR-CdUCM
008 190227b ||||| |||| 00| 0 spa d
040 _aMUNICIPALIDAD PROVINCIAL DEL CUSCO
_cBIBLIOTECA MUNICIPAL DEL CUSCO
082 _a869.508 /
_bSA17
100 _aSalaverry, Carlos Augusto
_96452
110 _aAsociación cultural de Piura
_96453
245 _aAlbores y destellos :
_bPoesía /
260 _aLima :
_bLibrería e Imprenta Minerva,
_c1958.
300 _a159 páginas ;
_c17 cm.
505 _aAlbores y destellos -- Diamantes y perlas.
650 _aPoesías peruanas.
_91481
650 _aSiglo XIX.
_9971
942 _2ddc
_cLIBROS
945 _amvr
_d2019-02-27